| 000 | 00000nam 2200000zi 4500 |
| 001 | 9.932201 |
| 003 | CaOODSP |
| 005 | 20241203113656 |
| 006 | m o d f |
| 007 | cr |n||||||||| |
| 008 | 231117e201512 onc ob f000 0 eng d |
| 040 | |aCaOODSP|beng|erda|cCaOODSP |
| 043 | |an-cn--- |
| 086 | 1 |aEn4-633/2015E-PDF |
| 245 | 00|aEvaluation of Canada's Clean Air Regulatory Agenda (CARA) : |bfinal report / |cAudit and Evaluation Branch. |
| 246 | 17|aEvaluation of CARA |
| 264 | 1|a[Gatineau QC] : |bEnvironment Canada = Environnement Canada, |cDecember 2015. |
| 300 | |a1 online resource (48 pages) |
| 336 | |atext|btxt|2rdacontent |
| 337 | |acomputer|bc|2rdamedia |
| 338 | |aonline resource|bcr|2rdacarrier |
| 500 | |aIssued also in French under title: Évaluation du Programme de réglementation de la qualité de l’air (PRQA) du Canada : rapport final. |
| 504 | |aIncludes bibliographical references. |
| 610 | 10|aCanada. |bEnvironment and Climate Change Canada|xEvaluation. |
| 650 | 0|aAir quality management|zCanada|xEvaluation. |
| 650 | 0|aAir|xPollution|xGovernment policy|zCanada. |
| 650 | 0|aGreenhouse gas mitigation|zCanada|xEvaluation. |
| 650 | 0|aCarbon dioxide mitigation|zCanada|xEvaluation. |
| 710 | 1 |aCanada. |bEnvironment Canada, |eissuing body. |
| 775 | 08|tÉvaluation du Programme de réglementation de la qualité de l’air (PRQA) du Canada : |w(CaOODSP)9.933807 |
| 856 | 40|qPDF|s850 KB|uhttps://publications.gc.ca/collections/collection_2024/eccc/en4/En4-633-2015-eng.pdf |
| 856 | 4 |qHTML|sN/A|uhttps://www.canada.ca/en/environment-climate-change/corporate/transparency/priorities-management/evaluations/clean-air-regulatory-agenda.html |